| 000 | 00376 a2200169 4500 | ||
|---|---|---|---|
| 001 | 46469 | ||
| 020 | _a9788574097640 | ||
| 040 | _cAnchieta - Aquarius | ||
| 100 | _aLima, Assis | ||
| 240 | 1 | 0 |
_aBandeira de São João _lpor |
| 245 | 1 | 0 | _aBandeira de São João |
| 300 | _a40 | ||
| 362 | 0 | _a1996 | |
| 440 | 1 | _aBagaço | |
| 650 | 4 | _aLiteratura infanto-juvenil | |
| 942 | _cBK | ||
| 999 |
_c46469 _d46469 |
||